[Event "AUTO-MASTER-3281"]
[Site "http://www.queenalice.com/game.php?id=1863092"]
[Date "2025.9.18"]
[Round "1"]
[White "pomar"]
[Black "LMP1989"]
[Result "0-1"]
[WhiteElo "1844"]
[BlackElo "2178"]

1. f3 e5 2. Kf2 d5 3. e3 Nf6 4. d4 e4 5. c4 c6 6. Nc3 Be7 7. cxd5 cxd5 8. Qc2
exf3 9. Nxf3 O-O 10. Bd3 Nc6 11. a3 Be6 12. Rf1 Rc8 13. Ne5 Nxe5 14. dxe5 Ng4+
15. Kg1 g6 16. e4 d4 17. Bh6 Nxh6 18. Qd2 dxc3 19. bxc3 Bg5 20. Qe2 Ng4 21. h3
Nxe5 22. Rfd1 Nxd3 23. Rxd3 Qb6+ 24. Kh1 Bc4 25. Qg4 Bxd3 26. h4 Bf6 27. h5 Qf2
28. hxg6 Qh4+ 29. Qxh4 Bxh4 30. gxh7+ Kxh7 31. e5 Rxc3 32. a4 Bg3 0-1

[Event "AUTO-MASTER-3281"]
[Site "http://www.queenalice.com/game.php?id=1863093"]
[Date "2025.9.18"]
[Round "1"]
[White "LMP1989"]
[Black "pomar"]
[Result "1-0"]
[WhiteElo "2180"]
[BlackElo "1842"]

1. Nf3 e6 2. d4 d5 3. g3 c5 4. c3 Qb6 5. Bg2 Nc6 6. O-O cxd4 7. Nxd4 Bc5 8. Nxc6
bxc6 9. e4 Ba6 10. exd5 cxd5 11. Bxd5 Bxf1 12. Bxa8 Bh3 13. Qf3 Ne7 14. b4 Bd6
15. Be3 Qc7 16. Be4 Ng6 17. Bc6+ Ke7 18. Be4 f6 19. g4 Bxh2+ 20. Kh1 Be5 21.
Qxh3 Nf4 22. Bxf4 Bxf4 23. Na3 Qe5 24. Qf3 h5 25. gxh5 Rxh5+ 26. Kg1 Rg5+ 27.
Kf1 Bd2 28. Nc4 Qxc3 29. Qxc3 Bxc3 30. Rb1 Rg4 31. f3 Rf4 32. Ke2 f5 33. Bd3 g5
34. b5 Bd4 35. a4 g4 36. Rf1 g3 37. Ne3 Rh4 38. f4 Rh2+ 39. Kf3 Bxe3 40. Kxe3 g2
41. Rg1 Rh3+ 42. Ke2 Rg3 43. Bc2 Rc3 44. Bd1 Ra3 45. Rxg2 Ra2+ 46. Kf1 Ra1 47.
Ke1 Kd6 48. Rg7 Kd5 49. Rxa7 e5 50. fxe5 Kxe5 51. b6 Kd6 52. a5 Kc6 53. Kd2 f4
54. Bf3+ Kd6 55. b7 Kc7 56. Ra8 Rb1 57. Rc8+ Kd7 58. b8=Q 1-0

[Event "AUTO-MASTER-3281"]
[Site "http://www.queenalice.com/game.php?id=1863110"]
[Date "2025.9.18"]
[Round "1"]
[White "LMP1989"]
[Black "CCapivara"]
[Result "1/2-1/2"]
[WhiteElo "2176"]
[BlackElo "2335"]

1. Nf3 d5 2. d4 Nf6 3. g3 Bg4 4. Bg2 e6 5. O-O Be7 6. Nbd2 O-O 7. Re1 Nbd7 8. e4
dxe4 9. Nxe4 Nxe4 10. Rxe4 Nf6 11. Re1 c6 12. h3 Bh5 13. g4 Bg6 14. c3 Nd5 15.
Be3 Bd6 16. Qb3 Qc7 17. Nh4 Nxe3 18. fxe3 Bg3 19. Nxg6 Bxe1 20. Nxf8 Bh4 21.
Nxe6 fxe6 22. Qxe6+ Kh8 23. Rf1 h6 24. e4 Qg3 25. Rf3 Qe1+ 26. Kh2 Qe2 27. Qd6
Qxb2 28. Rf8+ Rxf8 29. Qxf8+ Kh7 30. Qf5+ Kh8 31. Qf8+ Kh7 32. Qf5+ Kh8 33. Qf8+
1/2-1/2

[Event "AUTO-MASTER-3281"]
[Site "http://www.queenalice.com/game.php?id=1863111"]
[Date "2025.9.18"]
[Round "1"]
[White "CCapivara"]
[Black "LMP1989"]
[Result "1-0"]
[WhiteElo "2330"]
[BlackElo "2181"]

1. e4 c5 2. Nf3 Nc6 3. d4 cxd4 4. Nxd4 g6 5. Nc3 Bg7 6. Be3 Nf6 7. Be2 O-O 8.
Qd2 d5 9. exd5 Nxd5 10. Nxd5 Qxd5 11. Bf3 Qd6 12. Nxc6 Qxd2+ 13. Bxd2 bxc6 14.
O-O-O Bb7 15. Bb4 Rfe8 16. Rd7 Ba6 17. Rxe7 Rxe7 18. Bxe7 Re8 19. Bc5 Bc4 20. b3
Bd5 21. Bxd5 cxd5 22. Rd1 Rd8 23. Bd4 Bh6+ 24. Kb1 Rd7 25. Bb2 Bg7 26. Bxg7 Kxg7
27. c4 d4 28. Kc2 Kf6 29. Kd3 a5 30. Re1 a4 31. b4 1-0

[Event "AUTO-MASTER-3281"]
[Site "http://www.queenalice.com/game.php?id=1863112"]
[Date "2025.9.18"]
[Round "1"]
[White "LMP1989"]
[Black "Capixabba789"]
[Result "1-0"]
[WhiteElo "2171"]
[BlackElo "1933"]

1. Nf3 d6 2. d4 f5 3. g3 Nf6 4. Bg2 e6 5. O-O Be7 6. Nbd2 O-O 7. Re1 Nc6 8. e4
fxe4 9. Nxe4 e5 10. dxe5 Nxe4 11. Rxe4 dxe5 12. Qe1 Bf5 13. Rc4 Bf6 14. Be3 e4
15. Nd2 Ne5 16. Rxe4 Bxe4 17. Nxe4 Ng4 18. Nxf6+ Qxf6 19. Bxb7 Rab8 20. Bd5+ Kh8
21. h3 Nxe3 22. Qxe3 Qxb2 23. Re1 Qxc2 24. Bb3 Qb2 25. Re2 Qb1+ 26. Kg2 Qf5 27.
g4 Qf6 28. f3 h6 29. Rf2 a5 30. Qc5 Ra8 31. Qxc7 1-0

[Event "AUTO-MASTER-3281"]
[Site "http://www.queenalice.com/game.php?id=1863113"]
[Date "2025.9.18"]
[Round "1"]
[White "Capixabba789"]
[Black "LMP1989"]
[Result "0-1"]
[WhiteElo "1931"]
[BlackElo "2173"]

1. d4 d5 2. Nc3 Nf6 3. f4 e6 4. Nf3 Be7 5. e3 O-O 6. Bd3 Nbd7 7. O-O b6 8. Bd2
Bb7 9. Ne5 c5 10. Qf3 Rb8 11. Qh3 c4 12. Be2 a6 13. a3 b5 14. Bf3 Qc7 15. Ne2
Ne4 16. Bxe4 dxe4 17. c3 Nf6 18. Ng3 g6 19. a4 h5 20. a5 Kg7 21. Kh1 Bd5 22.
Nxg6 fxg6 23. Be1 Rh8 24. Ne2 Ng4 25. f5 exf5 26. Nf4 Bf7 27. Bd2 Bg5 28. g3
Bxf4 29. gxf4 Bd5 30. Qg3 Qe7 31. h3 Nf6 32. Rg1 Rh6 33. Qg2 h4 34. Qg5 Qe6 35.
Rg2 Nh7 0-1

[Event "AUTO-OPEN-4623"]
[Site "http://www.queenalice.com/game.php?id=1865306"]
[Date "2025.11.8"]
[Round "1"]
[White "askasl159"]
[Black "LMP1989"]
[Result "0-1"]
[WhiteElo "1427"]
[BlackElo "2182"]

1. e4 c5 2. b4 cxb4 3. a3 e5 4. f4 exf4 5. Nf3 d5 6. e5 Bg4 7. Be2 Bxf3 8. Bxf3
Qh4+ 9. g3 fxg3 10. O-O Qxh2# 0-1

[Event "AUTO-OPEN-4623"]
[Site "http://www.queenalice.com/game.php?id=1865307"]
[Date "2025.11.8"]
[Round "1"]
[White "LMP1989"]
[Black "askasl159"]
[Result "1-0"]
[WhiteElo "2183"]
[BlackElo "1870"]

1. c4 c5 2. Nc3 g6 3. g3 Bg7 4. Bg2 Nf6 5. Nf3 d5 6. cxd5 Nxd5 7. O-O O-O 8. Qb3
Bxc3 9. dxc3 Nc6 10. Rd1 c4 11. Qxc4 Be6 12. Ng5 Nb6 13. Rxd8 Bxc4 14. Rxf8+
Rxf8 15. Kf1 Rd8 16. Be3 Nd5 17. Bxd5 Rxd5 18. Ne4 f5 19. Ng5 e5 20. b3 Ba6 21.
Ne6 Kf7 22. Nc7 Rd7 23. Nxa6 bxa6 24. Ke1 Kf6 25. Rd1 Rxd1+ 26. Kxd1 a5 27. Kc2
g5 28. f4 gxf4 29. gxf4 h5 30. fxe5+ Kxe5 31. Kd3 f4 32. Bf2 a6 33. Kc4 Kd6 34.
Bc5+ Ke5 35. Ba3 Na7 36. Kc5 Ke4 37. Bc1 Nb5 38. Bd2 Na3 39. c4 Nb1 40. Bxa5 Ke3
41. Bc7 Nc3 42. b4 Nxe2 43. b5 axb5 44. cxb5 f3 45. Kc4 Nf4 46. Bxf4+ Kxf4 47.
Kd3 h4 48. b6 f2 49. Ke2 Kg4 50. Kxf2 Kh3 51. Kg1 Kg4 52. b7 1-0

[Event "AUTO-OPEN-4607"]
[Site "http://www.queenalice.com/game.php?id=1867840"]
[Date "2026.1.10"]
[Round "2"]
[White "LMP1989"]
[Black "WoodpusherKid"]
[Result "0-1"]
[WhiteElo "2175"]
[BlackElo "2658"]

1. c4 e5 2. Nc3 Nf6 3. g3 Bb4 4. Bg2 O-O 5. Nf3 Re8 6. O-O d6 7. a3 Bxc3 8. dxc3
Nc6 9. Bg5 Be6 10. b3 h6 11. Bxf6 Qxf6 12. Qc2 Rad8 13. Rfd1 e4 14. Nd4 e3 15.
fxe3 Qg5 16. e4 Ne5 17. Qd2 Qh5 18. Nxe6 Rxe6 19. c5 Rde8 20. cxd6 Rxd6 21. Qf4
Qxe2 22. Rxd6 cxd6 23. Rf1 Rc8 24. Qc1 Nd3 25. Qd1 Qe3+ 26. Kh1 Nf2+ 0-1

[Event "AUTO-OPEN-4607"]
[Site "http://www.queenalice.com/game.php?id=1867841"]
[Date "2026.1.10"]
[Round "2"]
[White "WoodpusherKid"]
[Black "LMP1989"]
[Result "1-0"]
[WhiteElo "2648"]
[BlackElo "2176"]

1. g3 g6 2. Nf3 Nf6 3. d4 d5 4. c4 Bg7 5. cxd5 Nxd5 6. e4 Nb6 7. Bg2 O-O 8. O-O
Bg4 9. d5 c6 10. h3 Bxf3 11. Qxf3 cxd5 12. exd5 N8d7 13. Nc3 Nf6 14. Rd1 Qd7 15.
d6 exd6 16. Qxb7 Qxb7 17. Bxb7 Rad8 18. Bf4 d5 19. Rac1 Nh5 20. Bg5 Rd7 21. Bc6
Rd6 22. Nxd5 Nxd5 23. Bxd5 Kh8 24. Be7 1-0

[Event "AUTO-MASTER-3281"]
[Site "http://www.queenalice.com/game.php?id=1867863"]
[Date "2026.1.11"]
[Round "2"]
[White "raulzampronha"]
[Black "LMP1989"]
[Result "1-0"]
[WhiteElo "2269"]
[BlackElo "2174"]

1. e4 c5 2. Nf3 Nc6 3. d4 cxd4 4. Nxd4 g6 5. Nc3 Bg7 6. Be3 Nf6 7. Bc4 O-O 8.
Bb3 d6 9. f3 Bd7 10. Qd2 Nxd4 11. Bxd4 Bc6 12. h4 Qa5 13. h5 Nxh5 14. Bxg7 Kxg7
15. g4 Nf6 16. Qh6+ Kg8 17. O-O-O 1-0

[Event "AUTO-MASTER-3281"]
[Site "http://www.queenalice.com/game.php?id=1867864"]
[Date "2026.1.11"]
[Round "2"]
[White "LMP1989"]
[Black "cerenzo72"]
[Result "0-1"]
[WhiteElo "2157"]
[BlackElo "2169"]

1. c4 e6 2. Nc3 d5 3. cxd5 exd5 4. d4 Bb4 5. Nf3 Nf6 6. Bg5 h6 7. Bxf6 Qxf6 8.
Qa4+ Nc6 9. Ne5 O-O 10. Nxc6 Bxc3+ 11. bxc3 bxc6 12. e3 c5 13. Bd3 cxd4 14. Qxd4
Qg5 15. g3 Bh3 16. Bf1 Bxf1 17. Kxf1 Rfc8 18. Qc5 Qf5 19. Kg2 Qe4+ 20. f3 Qc2+
21. Kh3 Re8 22. Qxd5 Rad8 23. Qc5 Rd2 24. e4 Qd3 25. Rhf1 Qd7+ 26. g4 Re6 27.
Rab1 Rb6 28. Rxb6 axb6 29. Qc4 Qd6 30. f4 Qd7 31. f5 Qd6 32. Rh1 Qf4 0-1

[Event "AUTO-MASTER-3281"]
[Site "http://www.queenalice.com/game.php?id=1867865"]
[Date "2026.1.11"]
[Round "2"]
[White "cerenzo72"]
[Black "LMP1989"]
[Result "0-1"]
[WhiteElo "2164"]
[BlackElo "2159"]

1. c4 g6 2. d4 Nf6 3. Nc3 Bg7 4. e4 d6 5. Nf3 O-O 6. Be2 e5 7. dxe5 dxe5 8. Nxe5
Qxd1+ 9. Bxd1 Nxe4 10. Bf4 Nxc3 11. bxc3 Re8 12. O-O Bxe5 13. Bxe5 Rxe5 14. Bf3
Nc6 15. Rad1 Be6 16. Bd5 Bxd5 17. cxd5 Ne7 18. c4 Nf5 19. c5 Rd8 20. d6 cxd6 21.
g4 Ne7 22. cxd6 Nd5 23. f4 Re6 24. Rxd5 Rexd6 25. Rxd6 Rxd6 26. Rf2 b5 27. Kf1
Rc6 28. Rb2 Rc4 29. Rf2 a5 30. Kg2 b4 31. Kf3 Kg7 32. Ke3 Kf6 33. Kd3 Rc3+ 34.
Ke4 h5 35. gxh5 gxh5 36. Rg2 Rc4+ 37. Kf3 Ke6 38. h4 f6 39. Re2+ Kf5 40. Rd2
Rxf4+ 41. Kg3 Rg4+ 42. Kh3 Re4 0-1

[Event "AUTO-OPEN-4623"]
[Site "http://www.queenalice.com/game.php?id=1869976"]
[Date "2026.2.28"]
[Round "2"]
[White "josebaron"]
[Black "LMP1989"]
[Result "0-1"]
[WhiteElo "2148"]
[BlackElo "2172"]

1. e4 c5 2. Nf3 Nc6 3. Bc4 e6 4. Nc3 a6 5. a4 Nf6 6. Bb3 Be7 7. O-O O-O 8. e5
Ng4 9. Re1 Qc7 10. h3 Ngxe5 11. Nxe5 Nxe5 12. d3 Ng6 13. Ne4 d5 14. Ng5 Bxg5 15.
Bxg5 h6 16. Bd2 Bd7 17. a5 Bc6 18. c4 d4 19. Ba4 Bxa4 20. Rxa4 Qc6 21. b4 cxb4
22. Rxb4 e5 23. Rb6 Qc7 24. Qb3 Ra7 25. c5 Kh7 26. Qd5 Rc8 27. h4 Nxh4 28. Rxe5
Ng6 29. Qe4 Qxe5 0-1

[Event "AUTO-OPEN-4623"]
[Site "http://www.queenalice.com/game.php?id=1869977"]
[Date "2026.2.28"]
[Round "2"]
[White "LMP1989"]
[Black "josebaron"]
[Result "1/2-1/2"]
[WhiteElo "2171"]
[BlackElo "2208"]

1. c4 e5 2. Nc3 Nf6 3. g3 Bc5 4. Bg2 Nc6 5. Nf3 O-O 6. O-O d6 7. d3 Nd4 8. Nxd4
exd4 9. Ne4 Nxe4 10. Bxe4 c6 11. a3 a5 12. Bd2 d5 13. cxd5 cxd5 14. Bg2 a4 15.
b4 axb3 16. Qxb3 Re8 17. Bxd5 Be6 18. Bxe6 Rxe6 19. Qxb7 Rxe2 20. Bb4 Bxb4 21.
Qxb4 Rb8 1/2-1/2

[Event "AUTO-OPEN-4623"]
[Site "http://www.queenalice.com/game.php?id=1869980"]
[Date "2026.2.28"]
[Round "2"]
[White "Fredo"]
[Black "LMP1989"]
[Result "1-0"]
[WhiteElo "2065"]
[BlackElo "2183"]

1. e4 c5 2. Nf3 Nc6 3. Bb5 g6 4. O-O Bg7 5. c3 Nf6 6. Qe2 O-O 7. Re1 a6 8. Ba4
b5 9. Bc2 e5 10. d3 d6 11. Nbd2 Bb7 12. Nf1 Nd7 13. Bg5 Qc7 14. Ne3 Na7 15. Rad1
h6 16. Bh4 f5 17. exf5 gxf5 18. d4 e4 19. Nd2 cxd4 20. cxd4 Bxd4 21. Qh5 Bg7 22.
Bb3+ Kh8 23. Nxf5 Rxf5 24. Qxf5 Rf8 25. Qh3 Ne5 26. Bg5 Kh7 27. Nxe4 Bc8 28. Qh4
Nc4 29. Nf6+ Rxf6 30. Bxf6 Bxf6 31. Qxf6 1-0

[Event "AUTO-OPEN-4623"]
[Site "http://www.queenalice.com/game.php?id=1869981"]
[Date "2026.2.28"]
[Round "2"]
[White "LMP1989"]
[Black "Fredo"]
[Result "1-0"]
[WhiteElo "2167"]
[BlackElo "2086"]

1. c4 Nf6 2. Nc3 e6 3. g3 d5 4. cxd5 exd5 5. d4 Be7 6. Bg2 O-O 7. Nf3 Re8 8. O-O
Bf5 9. Qb3 Bc8 10. Bg5 c6 11. Rfe1 Na6 12. Rad1 Nc7 13. Bxf6 Bxf6 14. e4 dxe4
15. Nxe4 Be7 16. Nc3 Rb8 17. d5 cxd5 18. Nxd5 Nxd5 19. Qxd5 Qxd5 20. Rxd5 Be6
21. Rde5 Bf6 22. R5e2 Rbd8 23. Bh3 Kf8 24. Bxe6 fxe6 25. Rxe6 Rxe6 26. Rxe6 Bxb2
27. Re2 Bf6 28. Kg2 Kf7 29. Nd2 Re8 30. Ne4 h6 31. Nd6+ 1-0